Geography Quiz

Random Geography or City Quiz

Top 25 Cities of the Netherlands on a Map Quiz Stats

 Plays Quiz Updated Jun 14, 2018

Challenge
Share
Tweet
Score 0/25 Timer 08:00
15 Plays Today
% Correct
Amsterdam
98.8%
Rotterdam
93.2%
Den Haag
89%
Utrecht
79.4%
Eindhoven
70.6%
Groningen
67.1%
Haarlem
62.8%
Breda
61.6%
Arnhem
55.7%
Maastricht
52.7%
Zwolle
52.6%
Tilburg
52.4%
Almere
49.1%
% Correct
Nijmegen
48.5%
Leiden
45.7%
Enschede
43.1%
Alkmaar
38.2%
Apeldoorn
35.6%
Leeuwarden
34.4%
Amersfoort
31.9%
's-Hertogenbosch
29.7%
Dordrecht
28.1%
Heerlen
18.5%
Zoetermeer
18.3%
IJmuiden
9.7%

You're not logged in!

Compare scores with friends on all Sporcle quizzes.
Join for Free
OR
Log In

You Might Also Like...

Show Comments

Extras

Top Quizzes Today


Score Distribution

Your Account Isn't Verified!

In order to create a playlist on Sporcle, you need to verify the email address you used during registration. Go to your Sporcle Settings to finish the process.

Report this User

Report this user for behavior that violates our Community Guidelines.

Details: